Fluid Mechanics Hydraulis And Hydraulic Machins (Record no. 1496)

MARC details
000 -LEADER
fixed length control field 00279nam a22001217a 4500
041 ## - LANGUAGE CODE
Language code of text/sound track or separate title ENG
100 ## - MAIN ENTRY--PERSONAL NAME
Personal name Arora.K.R
245 ## - TITLE STATEMENT
Title Fluid Mechanics Hydraulis And Hydraulic Machins
260 ## - PUBLICATION, DISTRIBUTION, ETC. (IMPRINT)
Place of publication, distribution, etc Delhi
Name of publisher, distributor, etc Standard Pub
Date of publication, distribution, etc 1996
300 ## - PHYSICAL DESCRIPTION
Extent 1356
650 ## - SUBJECT ADDED ENTRY--TOPICAL TERM
Topical term or geographic name as entry element IDE
856 ## - ELECTRONIC LOCATION AND ACCESS
Uniform Resource Identifier IDE ( 18 )
Holdings
Withdrawn status Lost status Source of classification or shelving scheme Damaged status Not for loan Home library Current library Shelving location Date acquired Cost, normal purchase price Total Checkouts Barcode Date last seen Price effective from Koha item type
    Dewey Decimal Classification     College of Agricultural Engineering and Technology, Dapoli , Library College of Agricultural Engineering and Technology, Dapoli , Library Book Cart 24/09/2021 150.00   002738 24/09/2021 24/09/2021 Books

Contact Us: College of Agricultural Engineering and Technology, Dapoli, Dist.- Ratnagiri
Website: https://dbskkv.org Email: caetlibrary2015@gmail.com